Controlled Atmosphere Storage of Fruits and Vegetables (Record no. 11193)
[ view plain ]
| 000 -LEADER | |
|---|---|
| fixed length control field | 00342cam a2200133ua 4500 |
| 020 ## - INTERNATIONAL STANDARD BOOK NUMBER | |
| ISBN | 9781845936464 |
| 082 ## - DEWEY DECIMAL CLASSIFICATION NUMBER | |
| Classification number | 635.0468 |
| Item number | THO/CO |
| 100 ## - MAIN ENTRY--AUTHOR NAME | |
| Personal name | Thompson,Keith A. |
| 245 ## - TITLE STATEMENT | |
| Title | Controlled Atmosphere Storage of Fruits and Vegetables |
| 250 ## - EDITION STATEMENT | |
| Edition statement | 2 nd |
| 260 ## - PUBLICATION, DISTRIBUTION, ETC. (IMPRINT) | |
| Place of publication | Cambridge |
| Name of publisher | CAB International , |
| Year of publication | 2010 |
| 300 ## - PHYSICAL DESCRIPTION | |
| Number of Pages | 272 |
| 942 ## - ADDED ENTRY ELEMENTS (KOHA) | |
| Koha item type | Books |
| Withdrawn status | Lost status | Damaged status | Home library | Current library | Date acquired | Full call number | Accession Number | Koha item type | Collection code | Shelving location | Source of acquisition | Cost, normal purchase price |
|---|---|---|---|---|---|---|---|---|---|---|---|---|
| KAUAET | KAUAET | 07/04/2012 | 635.0468 | 20796 | Reference | |||||||
| KAUAET | KAUAET | 14/07/2016 | 635.0468 THO/CO | 24892 | Books | General Stacks | Southern Book Centre, Tvm | 9054.00 |
